All Grass type moves - Statistics

General Stats
  • This quiz has been taken 9 times
    7 since last reset
  • The average score is 36 of 55
Answer Stats
Description Answer % Correct
A nutrient-draining attack. The user's HP is restored by half the damage taken by the target. Absorb
100%
In this two-turn attack, the user gathers light, then blasts a bundled beam on the next turn. Solar Beam
100%
The target is struck with slender, whiplike vines to inflict damage. Vine Whip
100%
The user releases a soothing scent that heals all status conditions affecting the user's party. Aromatherapy
80%
The user forcefully shoots seeds at the target two to five times in a row. Bullet Seed
80%
The user protects itself by wrapping its body in soft cotton, which drastically raises the user's Defense stat. Cotton Guard
80%
The user releases cotton-like spores that cling to the opposing Pokémon, which harshly lowers their Speed stat. Cotton Spore
80%
A nutrient-draining attack. The user's HP is restored by half the damage taken by the target. Giga Drain
80%
The user snares the target with grass and trips it. The heavier the target, the greater the move's power. Grass Knot
80%
A column of grass hits the target. When used with its water equivalent, its power increases and a vast swamp appears. Grass Pledge
80%
The user turns the ground to grass for five turns. This restores the HP of Pokémon on the ground a little every turn and powers up Grass type-moves. Grassy Terrain
80%
The user lays roots that restore its HP on every turn. Because it's rooted, it can't switch out. Ingrain
80%
The user attacks its target by encircling it in sharp leaves. This attack may also lower the target's accuracy. Leafage
80%
The user handles a sharp leaf like a sword and attacks by cutting its target. Critical hits land more easily. Leaf Blade
80%
The user whips up a storm of leaves around the target. The attack's recoil harshly lowers the user's Sp. Atk stat. Leaf Storm
80%
A seed is planted on the target. It steals some HP from the target every turn. Leech Seed
80%
The user scatters curious leaves that chase the target. This attack never misses. Magical Leaf
80%
A nutrient-draining attack. The user's HP is restored by half the damage taken by the target. Mega Drain
80%
The user stirs up a violent petal blizzard and attacks everything around it. Petal Blizzard
80%
The user attacks the target by scattering petals for two to three turns. The user then becomes confused. Petal Dance
80%
The user slams a barrage of hard-shelled seeds down on the target from above. Seed Bomb
80%
The user scatters a big cloud of sleep-inducing dust around the target. Sleep Powder
80%
The user snares the target in a snap trap for four to five turns. Snap Trap
80%
In this two-turn attack, the user gathers light and fills a blade with the light's energy, attacking the target on the next turn. Solar Blade
80%
In addition to protecting the user from attacks, this move also damages any attacker who makes direct contact. Spiky Shield
80%
The user scatters bursts of spores that induce sleep. Spore
80%
The user restores its HP by the same amount as the target's Attack stat. It also lowers the target's Attack stat. Strength Sap
80%
The user restores its own HP. The amount of HP regained varies with the weather. Synthesis
80%
The user lands an intense kick of tropical origins on the target. This also lowers the target's Attack stat. Trop Kick
80%
A seed that causes worry is planted on the target. It prevents sleep by making the target's Ability Insomnia. Worry Seed
80%
The user attacks the target with an acidic liquid created from tart apples. This also lowers the target's Sp. Def stat. Apple Acid
60%
The user collects energy from plants using its Z-Power and attacks the target with full force. The power varies, depending on the original move. Bloom Doom
60%
The user attacks the target by poking it with a sharply pointed branch. Branch Poke
60%
The user plays its drum, controlling the drum's roots to attack the target. This also lowers the target's Speed stat. Drum Beating
60%
The user puts a forest curse on the target. The target is now Grass type as well. Forest's Curse
60%
The user slams the target with an enormous tree. The user can't move on the next turn. Frenzy Plant
60%
Gliding on the ground, the user attacks the target. This move always goes first on Grassy Terrain. Grassy Glide
60%
The user inflicts damage by dropping an apple from high above. This also lowers the target's Defense stat. Grav Apple
60%
The user drains the target's energy with its horns. The user's HP is restored by half the damage taken by the target. Horn Leech
60%
The user becomes one with the jungle, restoring HP and healing any status conditions of itself and its ally Pokémon in battle. Jungle Healing
60%
The user attacks by wildly swinging its thorny arms. This may also make the target flinch. Needle Arm
60%
The user violently whirls its vines, tentacles, or the like to harshly lash the target. Power Whip
60%
Sharp-edged leaves are launched to slash at the opposing Pokémon. Critical hits land more easily. Razor Leaf
60%
The user scatters a cloud of numbing powder that paralyzes the target. Stun Spore
60%
The user slams its rugged body into the target to attack. This also damages the user quite a lot. Wood Hammer
60%
The user draws power from nature and fires it at the target. This may also lower the target's Sp. Def stat. Energy Ball
40%
The user plays a pleasant melody that lulls the target into a deep sleep. Grass Whistle
40%
The user attacks its target by encircling it in sharp leaves. This attack may also lower the target's accuracy. Leaf Tornado
40%
The user emits a shock wave from its body to attack its target. This may also harshly lower the target's Sp. Def stat. Seed Flare
40%
A Grass-type attack that Gigantamax Rillaboom use. This move can be used on the target regardless of its Abilities. G-Max Drum Solo
20%
A Grass-type attack that Gigantamax Appletun use. This move heals the status conditions of allies. G-Max Sweetness
20%
A Grass-type attack that Gigantamax Flapple use. This move reduces the opponents' evasiveness. G-Max Tartness
20%
This is a Grass-type attack Dynamax Pokémon use. The user turns the ground into Grassy Terrain for five turns. Max Overgrowth
20%
The user grows a gigantic stalk that scatters seeds to attack the target. The seeds drain the target’s HP every turn. Sappy Seed
20%
A Grass-type attack that Gigantamax Venusaur use. This move continues to deal damage to opponents for four turns. G-Max Vine Lash
0%
No matching quizzes found
Score Distribution
Percent of People with Each Score
Percentile by Number Answered
Your Score History
You have not taken this quiz since the last reset